Riigid, mis algavad tähega N - Statistics

General Stats
  • This quiz has been taken 5 times
  • The average score is 5 of 7
Answer Stats
Maa % Correct
Nigeeria
100%
Niger
100%
Namiibia
60%
Nepaal
60%
Norra
60%
Nauru
40%
Nicaragua
40%
No matching quizzes found
Score Distribution
Percent of People with Each Score
Percentile by Number Answered
Your Score History
You have not taken this quiz